000 01041pam a2200337 a 4500
001 1654949
003 OSt
005 20210419052237.0
008 970908s1997 nyub b 001 0 eng
010 _a 97040034
020 _a0713992042 (alk. paper)
040 _aDLC
_cDLC
_dDLC
043 _ae------
050 0 0 _aD20
_b.R645 1997
080 _a94
_bR-66
082 0 0 _a940
_221
100 1 _aRoberts, J. M.
_q(John Morris),
_d1928-2003.
245 1 2 _aA history of Europe /
_cJ.M. Roberts.
250 _a1st American ed.
260 _aNew York, N.Y., U.S.A. :
_bAllan Lane,
_c1997.
300 _axii, 628 p. :
_bmaps ;
_c25 cm.
365 _b34.95 usd
504 _aIncludes bibliographical references and index.
651 0 _aEurope
_xHistory.
653 _aისტორია
653 _aევროპა
906 _a7
_bcbc
_corignew
_d1
_eocip
_f19
_gy-gencatlg
942 _2udc
_cBK
_e1
999 _c223
_d223